Armenian Provinces - Statistics

General Stats
  • This quiz has been taken 259 times
  • The average score is 6 of 11
Answer Stats
Provinces % Correct
Yerevan
91%
Ararat
65%
Lori
63%
Syunik
63%
Shirak
54%
Armavir
51%
Tavush
50%
Kotayk
46%
Vayots Dzor
46%
Gegharkunik
44%
Aragatsotn
43%
No matching quizzes found
Score Distribution
Percent of People with Each Score
Percentile by Number Answered
Your Score History
You have not taken this quiz